000 00581nam a2200217Ia 4500
003 OSt
005 20230501121925.0
008 210423s2014 xx 000 0 und d
020 _a978-93-83101-98-6
040 _cAL
041 _aeng
082 _a574.192
_223
_bRANB
100 _aRANA (Rashmi)
_995634
245 _aBiochemistry and genomic revolution
260 _aNew Delhi
_bA P H Publishing Corporation
_c2014
300 _aviii,280
_bHB
365 _b2190
_cINR
650 _aBiochemistry
_995635
906 _aBiochemistry ; genomic ; revolution
942 _2ddc
_cBK
999 _c170549
_d170549